[Event "Highlands Open"]
[Site "Zdar nad Sazavou CZE"]
[Date "2009.10.01"]
[Round "7"]
[White "Didi,J"]
[Black "Tesar,J"]
[Result "0-1"]
[WhiteElo "2044"]
[BlackElo "2101"]

1.e4 c5 2.Nf3 e6 3.d4 cxd4 4.Nxd4 a6 5.Nc3 Qc7 6.Bd3 Nf6 7.O-O d6 8.a4 b6
9.Be3 Bb7 10.f4 Nbd7 11.Kh1 Nc5 12.Qf3 g6 13.Rac1 Bg7 14.b4 Ncd7 15.Nce2 h5
16.c4 e5 17.Nb3 exf4 18.Bxf4 Ne5 19.Bxe5 dxe5 20.Nc3 O-O 21.Nd5 Bxd5 22.cxd5 Qe7
23.b5 Qb4 24.Na1 axb5 25.axb5 Qe7 26.Rc6 Ng4 27.h3 Nh6 28.Nc2 Kh7 29.Ne3 Ra3
30.Nc4 Rb3 31.Nxb6 f5 32.d6 Qh4 33.Qd1 Rb2 34.Rc2 Rxc2 35.Bxc2 Ng4 36.Qe2 f4
37.Kg1 Ne3 38.Rc1 f3 39.Qxe3 Bh6 40.Qf2 Qxf2+ 41.Kxf2 Bxc1 42.d7 Be3+  0-1

[Event "Highlands Open"]
[Site "Zdar nad Sazavou CZE"]
[Date "2009.10.02"]
[Round "8"]
[White "Zemlicka,V"]
[Black "Didi,J"]
[Result "0-1"]
[WhiteElo "1919"]
[BlackElo "2044"]

1.e4 c5 2.Nf3 e6 3.d4 cxd4 4.Nxd4 a6 5.Nc3 Qc7 6.f4 Bb4 7.Qf3 b5 8.Bd2 Bb7
9.Bd3 Nf6 10.Qg3 g6 11.e5 Nh5 12.Qf2 d6 13.exd6 Bxd6 14.O-O Nf6 15.Rae1 Bc5
16.h3 Qb6 17.Be3 O-O 18.Nf3 Nbd7 19.b4 Bxe3 20.Qxe3 Qxe3+ 21.Rxe3 Rac8 22.Be2 Nb6
23.Nd4 Rfd8 24.Rd1 Nbd5 25.Nxd5 Nxd5  0-1

[Event "FSIMA October"]
[Site "Budapest HUN"]
[Date "2009.10.05"]
[Round "3"]
[White "Rooze,J"]
[Black "Vegh,E"]
[Result "1-0"]
[WhiteElo "2253"]
[BlackElo "2296"]

1.e4 c5 2.Nf3 e6 3.Nc3 a6 4.d4 cxd4 5.Nxd4 d6 6.Bd3 Nf6 7.O-O Be7 8.Kh1 Nc6
9.Nxc6 bxc6 10.f4 d5 11.exd5 cxd5 12.Be3 O-O 13.Bd4 Rb8 14.Rf3 g6 15.Qe1 Nd7
16.f5 exf5 17.Nxd5 Bh4 18.Bf2 Re8 19.Qxe8+ Qxe8 20.Bxh4 Bb7 21.Re3 Qf8 22.Ne7+ Kh8
23.Be1 Qh6 24.Bc3+ f6 25.Rae1 Qg5 26.Rg3 Qh6 27.Kg1 f4 28.Rh3 Qg5 29.Nxg6+ Kg7
30.Re7+ Kg8 31.Bc4+ Bd5 32.Bxd5+ Qxd5 33.Rhxh7 Qd1+ 34.Be1 Qxe1+ 35.Rxe1 Kxh7
36.Nxf4 Ne5 37.b3 Rd8 38.h3 Nc6 39.Re6 Nb4 40.Rxf6 a5 41.Rf5 a4 42.bxa4 Ra8
43.a5 Nxc2 44.Rc5  1-0

[Event "1st Duchamp Mem"]
[Site "Buenos Aires ARG"]
[Date "2009.10.06"]
[Round "3"]
[White "Perez Ponsa,F"]
[Black "Mareco,S"]
[Result "1-0"]
[WhiteElo "2422"]
[BlackElo "2525"]

1.e4 c5 2.Nf3 e6 3.d4 cxd4 4.Nxd4 a6 5.Nc3 d6 6.Bc4 Nf6 7.Bb3 Be7 8.O-O O-O
9.f4 b5 10.e5 dxe5 11.fxe5 Nfd7 12.Be3 Nxe5 13.Qh5 Nbd7 14.Bxe6 g6 15.Qh6 Nf6
16.Bxc8 Rxc8 17.Rad1 Neg4 18.Qh3 Bc5 19.Ne4 Nxe3 20.Nxf6+ Qxf6 21.Rxf6 Nxd1
22.c3 b4 23.Kf1 Nxb2 24.Nc6 Kg7 25.cxb4 Be7 26.Nxe7 Rc1+ 27.Kf2 Rc2+ 28.Kg3 Kxf6
29.Qh4+ Kg7 30.Qd4+ f6 31.Nd5 Na4 32.Qa7+ Rf7 33.Qxa6 Nc3 34.Ne3 Rxa2 35.Qc4 Ne2+
36.Kh3 Ra3 37.Qxe2 Re7 38.g3 Raxe3 39.Qc2 R3e5 40.Qd3 Rb7 41.Kg2 Reb5 42.h4 Rxb4
43.Kh3 Rb3 44.Qd5 R3b5 45.Qc6 R5b6 46.Qc5 Re6 47.Qd5 Rbe7 48.Qd4 Re5 49.Qd6 Rf7
50.Qd4 Rb7 51.Qc3 Re2 52.Qc6 Rbe7 53.Qb6 Rd7 54.Qc6 Red2 55.Qc3 R2d3 56.Qc5 Rf3
57.Kg4 Rfd3 58.Kh3 R3d6 59.Qc3 Re6 60.Qc4 Ree7 61.Qc3 h5 62.Qb2 Re3 63.Qc1 Rdd3
64.Qc7+ Kf8 65.Qc8+ Ke7 66.Qc7+ Ke6 67.Qc6+ Ke5 68.Qc5+ Ke4 69.Qc6+ Kf5 70.Qc8+ Re6
71.Qc2 Rd6 72.Qf2+ Ke4 73.Qe2+ Kd4 74.Qb2+ Ke3 75.Qc1+ Kf2 76.Qc2+ Rd2 77.Qxg6 R2d3
78.Qf5+ Kg1 79.Qxh5 Rd2 80.Qc5+ Kh1 81.Qc1+ Rd1 82.Qc2 R1d2 83.Qe4+ Kg1 84.Qe1+  1-0

[Event "Unive Open"]
[Site "Hoogeveen NED"]
[Date "2009.10.16"]
[Round "1"]
[White "Hortensius,L"]
[Black "Clemens,A"]
[Result "0-1"]
[WhiteElo "2042"]
[BlackElo "2264"]

1.e4 c5 2.Nf3 e6 3.d4 cxd4 4.Nxd4 a6 5.Nc3 Qc7 6.Bd3 Bc5 7.Nb3 Be7 8.a4 b6
9.Be3 d6 10.O-O Nd7 11.f4 Ngf6 12.Qe2 Bb7 13.Rad1 O-O 14.Bf2 Rfe8 15.Bg3 e5
16.fxe5 Nxe5 17.Bxe5 dxe5 18.Kh1 a5 19.Rf5 Bc8 20.Nb5 Qb8 21.Rg5 Be6 22.Rg3 Qc8
23.Rf1 Nd7 24.h3 Nf8 25.Nd2 Ng6 26.Rd1 Nf4 27.Qf1 Rd8 28.Re3 Qc5 29.Rf3 Rac8
30.Nb3 Qb4 31.Nc3 g6 32.Qf2 Bf8 33.Be2 Rxd1+ 34.Bxd1 Rd8 35.Qf1 h5 36.Qb5 Qxb5
37.axb5 a4 38.Nc1 Bc5 39.Be2 a3 40.bxa3 Bxa3 41.Nd3 Nxe2 42.Nxe2 Bd6 43.Nb2 Ra8
44.Rc3 Ra5 45.Rc6 Bc5 46.Nd3 Be3 47.Nxe5 Ra1+ 48.Kh2 Re1 49.Ng3 h4 50.Nxg6 Bg1+
51.Kh1 hxg3  0-1

[Event "8th TCh-Eur w"]
[Site "Novi Sad SRB"]
[Date "2009.10.22"]
[Round "1"]
[White "Mijovic,A"]
[Black "Bojkovic,N"]
[Result "0-1"]
[WhiteElo "2173"]
[BlackElo "2429"]

1.e4 c5 2.Nf3 e6 3.d4 cxd4 4.Nxd4 a6 5.Nc3 b5 6.Bd3 Qb6 7.Nb3 Qc7 8.O-O Bb7
9.f4 b4 10.Nb1 Nf6 11.e5 Nd5 12.c4 bxc3 13.Nxc3 Be7 14.Ne4 Nc6 15.Kh1 Ncb4
16.Bb1 Rc8 17.Bd2 O-O 18.Qh5 g6 19.Qh6 f5 20.exf6 Bxf6 21.f5 Bg7 22.Qh4 Rxf5
23.Rxf5 exf5 24.Nc3 Nxc3 25.Qxb4 Qc6  0-1

[Event "Chigorin Mem Open"]
[Site "St Petersburg RUS"]
[Date "2009.10.23"]
[Round "8"]
[White "Areshchenko,A"]
[Black "Fedorov,Alex"]
[Result "1/2-1/2"]
[WhiteElo "2667"]
[BlackElo "2600"]

1.e4 c5 2.Nf3 e6 3.d4 cxd4 4.Nxd4 a6 5.Nc3 b5 6.Bd3 Qb6 7.Nf3 Nc6 8.O-O Nge7
9.e5 Ng6 10.Bxg6 hxg6 11.Ne4 Qc7 12.Nd6+ Bxd6 13.exd6 Qa5 14.Bd2 Qa4 15.h3 Bb7
16.Bc3 f6 17.Re1 Qf4 18.a3 Kf7 19.Qd3 Rac8 20.Re3 Qf5 21.Qe2  1/2-1/2

[Event "Unive Open"]
[Site "Hoogeveen NED"]
[Date "2009.10.24"]
[Round "9"]
[White "Caspi,I"]
[Black "Romanishin,O"]
[Result "1-0"]
[WhiteElo "2404"]
[BlackElo "2515"]

1.e4 c5 2.Nf3 e6 3.d4 cxd4 4.Nxd4 a6 5.Nc3 Qc7 6.Bd3 Bd6 7.Qg4 Be5 8.Nde2 h5
9.Qh3 d6 10.Be3 Nc6 11.O-O-O Bd7 12.f4 Bf6 13.g4 b5 14.g5 Be7 15.Qg2 b4 16.Nb1 a5
17.Nd2 a4 18.Kb1 b3 19.cxb3 Nb4 20.Nc4 axb3 21.axb3 Qb7 22.Nc3 Ra6 23.Be2 d5
24.Ne5 Ra1+ 25.Kxa1 Nc2+ 26.Kb1 Nxe3 27.Qf3 Nxd1 28.Rxd1 Bc8 29.exd5 exd5
30.Rxd5 Qxb3 31.Rb5  1-0

[Event "Unive Open"]
[Site "Hoogeveen NED"]
[Date "2009.10.24"]
[Round "9"]
[White "Kraai,J"]
[Black "Ulibin,M"]
[Result "0-1"]
[WhiteElo "2526"]
[BlackElo "2533"]

1.d4 e6 2.Nf3 c5 3.Nc3 cxd4 4.Nxd4 a6 5.e4 Nc6 6.Nxc6 bxc6 7.Bd3 d5 8.O-O Nf6
9.Re1 Be7 10.e5 Nd7 11.Qg4 Kf8 12.Bd2 c5 13.Na4 Qc7 14.Bg5 Bxg5 15.Qxg5 Bb7
16.c4 d4 17.b3 h6 18.Qg3 Re8 19.f4 g6 20.Rf1 Bc6 21.Nb2 Qa5 22.Rf2 Qa3 23.Raf1 Qxa2
24.f5 gxf5 25.Bxf5 exf5 26.Nd3 Qxb3 27.Rxf5 Qxc4 28.Qg6 Bd5 29.Nf4 Re7 30.Qd6 Be6
31.Ng6+ Kg7 32.Nxe7 Rf8 33.R5f3 Kh7 34.Rg3 Qe2 35.Ng6 Rg8 36.Qe7 Rg7 37.Nf4 Qxe5
38.Nxe6 Qxe6 39.Qh4 Rxg3 40.Qxg3 Ne5 41.Re1 f6 42.Rb1 Ng4 43.Kh1 Qf5 44.Qb8 Qe5
45.Rb7+ Kg6 46.Qg8+ Kf5 47.Qh7+ Kg5 48.Rg7+ Kh4 49.Rxg4+ Kxg4 50.h3+ Kf4
51.Qxh6+ Qg5 52.Qh7 Ke3 53.h4 Qf4 54.h5 d3 55.Qe7+ Qe5 56.Qf7 Kf2 57.Qa2+ Qe2
58.Qd5 Qe1+ 59.Kh2 Qg1+ 60.Kh3 Qh1+ 61.Kg4 Qxg2+  0-1

[Event "Unive Open"]
[Site "Hoogeveen NED"]
[Date "2009.10.24"]
[Round "9"]
[White "Vedder,H"]
[Black "Clemens,A"]
[Result "1-0"]
[WhiteElo "2364"]
[BlackElo "2264"]

1.e4 c5 2.Nf3 e6 3.Nc3 a6 4.d4 cxd4 5.Nxd4 Qc7 6.Bd3 Nf6 7.O-O Bc5 8.Nf3 d6
9.Na4 Ba7 10.c4 h6 11.b3 Nbd7 12.Bb2 O-O 13.Rc1 e5 14.Qd2 Re8 15.Nc3 Nc5
16.h3 Be6 17.Rfe1 Nh5 18.Bb1 Qe7 19.Nd5 Bxd5 20.exd5 a5 21.a3 Qf6 22.Rc3 a4
23.b4 Nb3 24.Qc2 g6 25.c5 Nd4 26.Qe4 Nb5 27.Rcc1 Ng7 28.Qc4 Nd4 29.Nxd4 exd4
30.Bxd4 Qf4 31.Be3 Qe5 32.c6 bxc6 33.dxc6 d5 34.Qb5 Reb8 35.Qd3 d4 36.Bxh6 Qd5
37.Bxg7 Kxg7 38.Re7 Re8 39.Qxg6+  1-0

[Event "Chigorin Mem Open"]
[Site "St Petersburg RUS"]
[Date "2009.10.24"]
[Round "9"]
[White "Safarli,E"]
[Black "Levin,Ev"]
[Result "1/2-1/2"]
[WhiteElo "2587"]
[BlackElo "2450"]

1.e4 c5 2.Nf3 e6 3.Nc3 a6 4.d4 cxd4 5.Nxd4 Qc7 6.g3 Bb4 7.Ne2 Be7 8.Bg2 d6
9.O-O Nf6 10.h3 O-O 11.g4 Nc6 12.Ng3 Re8 13.f4 Nd7 14.g5 Bf8 15.h4 b5 16.h5 b4
17.Nce2 a5 18.e5 dxe5 19.h6 g6 20.Ne4 Rd8 21.fxe5 Ndxe5 22.Qe1 Bb7  1/2-1/2

[Event "17th TCh-Eur"]
[Site "Novi Sad SRB"]
[Date "2009.10.25"]
[Round "4"]
[White "Malisauskas,V"]
[Black "Nisipeanu,LD"]
[Result "1/2-1/2"]
[WhiteElo "2483"]
[BlackElo "2664"]

1.e4 c5 2.Nf3 e6 3.d4 cxd4 4.Nxd4 a6 5.Nc3 b5 6.Bd3 Bb7 7.O-O Nc6 8.Nxc6 Bxc6
9.Re1 Bc5 10.Be3 Bxe3 11.Rxe3 Ne7 12.Qh5 Ng6 13.Ne2 d6 14.Nd4 Bd7 15.Nf5 exf5
16.exf5+ Ne5 17.f4 Qb6 18.Re1 Kf8 19.fxe5 dxe5 20.f6 gxf6 21.Kh1 h6 22.Qh4 Rc8
23.Rf3 Rc6 24.a4 Rd6  1/2-1/2

[Event "8th TCh-Eur w"]
[Site "Novi Sad SRB"]
[Date "2009.10.25"]
[Round "4"]
[White "Jackova,J"]
[Black "Muzychuk,A"]
[Result "1-0"]
[WhiteElo "2393"]
[BlackElo "2533"]

1.e4 c5 2.Nf3 e6 3.d4 cxd4 4.Nxd4 a6 5.Nc3 b5 6.Bd3 Bb7 7.O-O d6 8.Re1 Nf6
9.a4 bxa4 10.Nxa4 Be7 11.c4 Nbd7 12.b3 Nc5 13.Nc3 O-O 14.Bc2 Qc7 15.Bb2 Rfe8
16.f4 Rad8 17.Qf3 d5 18.cxd5 exd5 19.e5 Nfe4 20.Nce2 f6 21.b4 fxe5 22.fxe5 Rf8
23.Qa3 Nd7 24.Bxe4 dxe4 25.Qa2+ Kh8 26.Ne6 Qc2 27.Nxd8 Bxd8 28.e6 Nf6 29.Bd4 Qxa2
30.Rxa2 Re8 31.Nf4 Kg8 32.b5 a5 33.b6 g5 34.Nh3 Rxe6 35.Rxa5 g4 36.Nf4 Rd6
37.Rg5+ Kf7 38.Bc5 Bxb6 39.Rb1 h6 40.Re5 Bxc5+ 41.Rxc5 Bc6 42.Rbc1 Bd7 43.Rf1 Kg7
44.Re5 Be8 45.Ne6+ Kf7 46.Nc5 Bc6 47.Nxe4 Bxe4 48.Rxe4 Kg6 49.Re5 h5 50.Rfe1 h4
51.Re6 Rxe6 52.Rxe6 Kf5 53.Re7 Ne4 54.Kf1 Kf4 55.Rf7+ Kg5 56.Ke2 Nd6 57.Rf8 Nf5
58.Kd3 Kf4 59.Ra8 Nd6 60.Ra6 Nf5 61.Ra4+ Kg5 62.Ke4 Nd6+ 63.Ke5 Nf7+ 64.Ke6 Nh6
65.Ra5+ Kg6 66.Ke5  1-0

[Event "8th TCh-Eur w"]
[Site "Novi Sad SRB"]
[Date "2009.10.28"]
[Round "7"]
[White "Majdan,J"]
[Black "Fakhiridou,E"]
[Result "1-0"]
[WhiteElo "2361"]
[BlackElo "2253"]

1.e4 c5 2.Nf3 e6 3.d4 cxd4 4.Nxd4 a6 5.Nc3 Qc7 6.Be3 b5 7.Qd2 Bb7 8.f3 Nc6
9.O-O-O Nf6 10.Kb1 Ne5 11.g4 Rc8 12.Be2 d6 13.g5 Nfd7 14.Ndxb5 axb5 15.Nxb5 Qb8
16.Nxd6+ Bxd6 17.Qxd6 Qxd6 18.Rxd6 Rc6 19.Rd4 Rc7 20.Rhd1 Nc6 21.R4d2 Ke7
22.b3 Ra8 23.Bb5 Ncb8 24.Kb2 Bc6 25.a4 f6 26.gxf6+ Nxf6 27.Bf4 Rc8 28.c4 Be8
29.e5 Nfd7 30.Bg5+ Kf7 31.Bxd7 Nxd7 32.Rxd7+ Bxd7 33.Rxd7+ Kg6 34.Be7 Kf5
35.Bd6 Kf4 36.Rxg7 Kxf3 37.Rxh7 Rh8 38.Rxh8 Rxh8 39.Ka3 Ke4 40.a5 Kd4 41.Kb4 Rxh2
42.a6 Ra2 43.Kb5 Kc3 44.b4 Kd4 45.a7 Kc3 46.Kb6  1-0

[Event "17th TCh-Eur"]
[Site "Novi Sad SRB"]
[Date "2009.10.28"]
[Round "7"]
[White "Stellwagen,D"]
[Black "Markus,Rob"]
[Result "1-0"]
[WhiteElo "2630"]
[BlackElo "2608"]

1.e4 c5 2.Nf3 e6 3.d4 cxd4 4.Nxd4 a6 5.Nc3 Qc7 6.Bd3 Nf6 7.f4 d6 8.g4 Nc6
9.Nxc6 bxc6 10.g5 Nd7 11.Qf3 Rb8 12.b3 d5 13.Bb2 d4 14.Ne2 Bb4+ 15.c3 dxc3
16.Nxc3 c5 17.O-O O-O 18.Ne2 Bb7 19.Ng3 f5 20.gxf6 Nxf6 21.Bc4 Rbe8 22.f5 Bc8
23.Nh5 Nxh5 24.Qxh5 Re7 25.fxe6 Rxf1+ 26.Rxf1 Bxe6 27.Qf5 Bf7 28.e5 Qd7 29.Qxd7  1-0

[Event "IV Open"]
[Site "Bogota COL"]
[Date "2009.10.29"]
[Round "1"]
[White "Rodriguez Rueda,P"]
[Black "Morales,Jh"]
[Result "0-1"]
[WhiteElo "2009"]
[BlackElo "2262"]

1.e4 c5 2.Nf3 e6 3.d4 cxd4 4.Nxd4 a6 5.Nc3 Qc7 6.Bd3 Nf6 7.Be3 Bc5 8.Qe2 d6
9.h3 b5 10.Nb3 Bxe3 11.Qxe3 Nbd7 12.f4 e5 13.f5 Bb7 14.O-O-O b4 15.Ne2 a5
16.Kb1 h5 17.Rhg1 Qb6 18.Qxb6 Nxb6 19.Nd2 h4 20.g4 hxg3 21.Rxg3 Kf8 22.Ng1 d5
23.exd5 Bxd5 24.Re3 Re8 25.Rde1 e4 26.Bf1 Rh5 27.Bb5 Re5 28.Be2 Rhxf5 29.Nb3 Nc4
30.Bxc4 Bxc4 31.Nd4 Rf2 32.a3 Nd5 33.Rg3 Rf6 34.axb4 axb4 35.b3 Rf1 36.Rc1 Ba6
37.Kb2 f5 38.Nge2 Rxc1 39.Kxc1 f4  0-1

[Event "IV Open"]
[Site "Bogota COL"]
[Date "2009.10.30"]
[Round "2"]
[White "Barrientos,S"]
[Black "Ruiz Aguilar,P"]
[Result "1-0"]
[WhiteElo "2468"]
[BlackElo "2271"]

1.e4 c5 2.Nf3 e6 3.d4 cxd4 4.Nxd4 a6 5.Nc3 Qc7 6.f4 b5 7.Bd3 Bb7 8.Qe2 d6
9.O-O Nf6 10.a3 Nbd7 11.Nf3 Rc8 12.Bd2 Be7 13.Rae1 e5 14.Kh1 O-O 15.Nh4 Rfe8
16.Nf5 Bf8 17.fxe5 Nxe5 18.Nh6+ Kh8 19.Bg5 Ng8 20.Ng4 f6 21.Bc1 Ne7 22.Nxe5 dxe5
23.Qh5 Ng6 24.Nd5 Qd8 25.Re3 Bc5 26.Rh3 Nf8 27.Qh4 Be7 28.Bg5 Rc6 29.Qh5 Rd6
30.Be3 Rxd5 31.exd5 Qxd5 32.Rg1  1-0

[Event "8th TCh-Eur w"]
[Site "Novi Sad SRB"]
[Date "2009.10.30"]
[Round "9"]
[White "Voicu,C"]
[Black "Khurtsidze,N"]
[Result "1-0"]
[WhiteElo "2285"]
[BlackElo "2420"]

1.e4 c5 2.Nf3 e6 3.d4 cxd4 4.Nxd4 a6 5.Nc3 Qc7 6.Bd3 Nf6 7.O-O Be7 8.Qe2 d6
9.a4 b6 10.f4 Nbd7 11.Kh1 Bb7 12.Bd2 Nc5 13.e5 dxe5 14.fxe5 Nfd7 15.Bf4 g5
16.Bg3 h5 17.h3 Nf8 18.Rad1 g4 19.h4 Nxd3 20.Rxd3 Ng6 21.Ne4 O-O 22.Nf6+ Bxf6
23.Rxf6 Bd5 24.Qe3 Kg7 25.Rd2 Qb7 26.Qg5 Rad8 27.Kh2 Be4 28.Bf4 Rh8 29.Rxe6 Rxd4
30.Rxg6+ Bxg6 31.Rxd4 Qc8 32.e6 f6 33.Be5 Rf8 34.Rd7+ Qxd7 35.Bxf6+ Rxf6
36.exd7 g3+ 37.Kxg3  1-0

[Event "IV Open"]
[Site "Bogota COL"]
[Date "2009.10.31"]
[Round "4"]
[White "Univio Sanchez,G"]
[Black "Ramirez,J"]
[Result "1-0"]
[WhiteElo "2003"]
[BlackElo "2014"]

1.e4 c5 2.Nf3 e6 3.Nc3 a6 4.d4 cxd4 5.Nxd4 Qc7 6.Bd3 Nc6 7.Nde2 Nf6 8.h3 Be7
9.O-O O-O 10.Bf4 d6 11.a4 Rd8  1-0

[Event "IV Open"]
[Site "Bogota COL"]
[Date "2009.10.31"]
[Round "5"]
[White "Morales,Jh"]
[Black "Zapata,Alo"]
[Result "0-1"]
[WhiteElo "2262"]
[BlackElo "2536"]

1.e4 c5 2.Nf3 e6 3.d4 cxd4 4.Nxd4 a6 5.Nc3 Qc7 6.g3 Bb4 7.Bd2 Nc6 8.Nb3 Be7
9.a4 b6 10.Bg2 d6 11.O-O Nf6 12.f4 Rb8 13.g4 Nd7 14.Kh1 O-O 15.g5 Re8 16.Rf3 Bf8
17.Rh3 g6 18.Qe1 Qd8 19.Qh4 h6 20.Rf1 b5 21.axb5 axb5 22.f5 Nde5 23.fxg6 fxg6
24.Bc1 b4 25.Ne2 Ba6 26.Rxf8+ Rxf8 27.Qxh6 Kf7 28.Qh7+ Ke8 29.Nf4 Qe7 30.Qxe7+ Kxe7
31.Rh6 Rg8 32.Rh7+ Nf7 33.h4 Bc8 34.Nxg6+ Rxg6 35.h5 Rg8 36.g6 Ne5 37.Kh2 Nxg6
38.hxg6 Rxg6 39.Nd4 Bd7 40.Bd2 Kf6 41.Nf3 e5 42.b3 Bg4 43.Ne1 Bd1 44.Bf1 Ng5  0-1

[Event "TCh-NED 2009-10"]
[Site "Netherlands NED"]
[Date "2009.10.31"]
[Round "2"]
[White "Klip,H"]
[Black "Dambacher,M"]
[Result "1/2-1/2"]
[WhiteElo "2350"]
[BlackElo "2475"]

1.e4 c5 2.Nf3 e6 3.Nc3 a6 4.d4 cxd4 5.Nxd4 b5 6.Bd3 Qb6 7.Nb3 Qc7 8.O-O Nf6
9.f4 d6 10.Qf3 Bb7 11.Bd2 Nbd7 12.Kh1 Nc5 13.a3 Be7 14.Rae1 O-O 15.Qg3 Nxd3
16.cxd3 Rfd8 17.f5 e5 18.Bh6 Bf8 19.Rc1 Qd7 20.Bg5 Be7 21.Bxf6 Bxf6 22.Na5 Rac8
23.Nxb7 Qxb7 24.Nd5 Kf8 25.Qh3 Rxc1 26.Rxc1 Rc8 27.Rf1 Kg8 28.Qg4 Kh8 29.h3 h6
30.Nxf6 gxf6 31.Qh4 Kg7 32.Rf3 Qe7 33.Rg3+ Kh7 34.Qg4 Qf8 35.Qd1 Qe7 36.Kh2 Rg8
37.Rxg8 Kxg8 38.Qc1 Kg7 39.Kg3 Qa7 40.Kf3  1/2-1/2

[Event "IV Open"]
[Site "Bogota COL"]
[Date "2009.11.01"]
[Round "6"]
[White "Dominguez,Mi"]
[Black "Zuluaga,C"]
[Result "0-1"]
[WhiteElo "1953"]
[BlackElo "2303"]

1.e4 c5 2.Nf3 e6 3.d4 cxd4 4.Nxd4 a6 5.Nc3 Qc7 6.Bd3 Nf6 7.O-O d6 8.Bg5 Be7
9.Kh1 Nbd7 10.f4 h6 11.Bh4 Nc5 12.Qe1 O-O 13.f5 b5 14.a3 Bd7 15.Qg3 e5 16.Nd5 Nxd5
17.Bxe7 Nxe7 18.f6 Ng6 19.fxg7 Kxg7 20.Nf5+ Kh7 21.Qh3 Bxf5 22.exf5 Nh8 23.f6+ Nxd3
24.Qxd3+ Ng6 25.h4 Qc4  0-1

[Event "IV Open"]
[Site "Bogota COL"]
[Date "2009.11.01"]
[Round "6"]
[White "Barrientos,S"]
[Black "Zapata,Alo"]
[Result "1-0"]
[WhiteElo "2468"]
[BlackElo "2536"]

1.e4 c5 2.Nf3 e6 3.d4 cxd4 4.Nxd4 a6 5.Nc3 Qc7 6.f4 b5 7.Bd3 Bb7 8.Qe2 Nc6
9.Nxc6 dxc6 10.e5 c5 11.Be4 Ne7 12.O-O Nc6 13.Be3 O-O-O 14.a4 b4 15.Nb1 f5
16.exf6 gxf6 17.Nd2 f5 18.Bf3 Kb8 19.c3 Bg7 20.Nb3 bxc3 21.bxc3 Bxc3 22.Rab1 Bb4
23.Nxc5 Bxc5 24.Bxc5 Ka8 25.Bb6 Qc8 26.Bxd8 Rxd8 27.Rfc1 Rd6 28.Rb6 Ka7 29.Qe3 Ka8
30.Rbxc6  1-0

[Event "IV Open"]
[Site "Bogota COL"]
[Date "2009.11.02"]
[Round "8"]
[White "Perez Olarte,C"]
[Black "Sanchez L,S"]
[Result "1-0"]
[WhiteElo "2102"]
[BlackElo "2170"]

1.e4 c5 2.Nf3 e6 3.d4 cxd4 4.Nxd4 a6 5.Nc3 Qc7 6.Be2 b5 7.O-O Bb7 8.Be3 Nf6
9.f4 d6 10.Bf3 Nbd7 11.a3 Be7 12.Qe1 O-O 13.g4 Nc5 14.Bf2 d5 15.e5 Nfe4 16.Nxe4 Nxe4
17.Be3 Rac8 18.Kh1 Rfe8 19.c3 Bf8 20.Be2 f6 21.Nf3 f5 22.gxf5 exf5 23.Bd4 g6
24.Bd3 Bg7 25.Rd1 Bc6 26.Bc2 a5 27.Bb3 Kh8 28.Be3 b4 29.cxb4 axb4 30.Nd4 bxa3
31.Rc1 Qb8 32.bxa3 g5 33.Rxc6 Rxc6 34.Ba4 Rg6 35.Bxe8 Qxe8 36.Nxf5 gxf4 37.Nxg7 Rxg7
38.Rxf4 h6 39.Rf1 Qxe5 40.Bxh6 Rg4  1-0

[Event "Russia Cup"]
[Site "St Petersburg RUS"]
[Date "2009.11.04"]
[Round "1.2"]
[White "Danin,A"]
[Black "Vorobiov,E"]
[Result "1/2-1/2"]
[WhiteElo "2521"]
[BlackElo "2613"]

1.e4 c5 2.Nf3 e6 3.d4 cxd4 4.Nxd4 a6 5.Nc3 b5 6.Bd3 Bb7 7.O-O Nc6 8.Nxc6 Bxc6
9.Qe2 Bc5 10.Bd2 Ne7 11.b4 Bxb4 12.Nxb5 Bc5 13.Be3 d6 14.Nd4 O-O 15.Rab1 Qc7
16.Rb3 Ba4 17.Rb2 Nc6 18.Nxc6 Qxc6 19.Rfb1 Bxe3 20.Qxe3 Bb5 21.Rb4 Bxd3 22.cxd3 d5
23.Rc1 Qd6 24.Qc5 Qxc5 25.Rxc5 Rac8 26.Rxc8 Rxc8 27.Kf1 dxe4 28.dxe4 g5 29.Ra4 Rc6
30.Ra5 h6 31.Ke2 Kg7 32.Kd3 Rd6+ 33.Ke3 Kg6 34.h3 Rc6 35.g3 h5 36.Ra3 e5
37.h4 g4 38.Kd3 Rd6+ 39.Ke3 Rc6 40.Ra4 f6 41.Kd3 Rd6+ 42.Ke3 Rc6 43.Ra5 Rb6
44.Ra3 Rc6 45.Kd3 Rd6+ 46.Ke3 Rc6 47.Kd3  1/2-1/2

[Event "3rd Asian Indoor Team Rapid Prelim"]
[Site "Ha Long City VIE"]
[Date "2009.11.06"]
[Round "7"]
[White "Iman,H"]
[Black "Pourkashiyan,A"]
[Result "0-1"]
[WhiteElo "2130"]
[BlackElo "2306"]

1.e4 c5 2.Nf3 e6 3.d4 cxd4 4.Nxd4 a6 5.Nc3 Qc7 6.g3 Bb4 7.Ne2 Nf6 8.Bg2 Be7
9.O-O Nc6 10.a4 d6 11.Bf4 O-O 12.Qd2 Ne5 13.b3 b6 14.h3 Bb7 15.Ra2 Rac8 16.Be3 Rfd8
17.Rd1 d5 18.exd5 Nxd5 19.Nxd5 Bxd5 20.Bxd5 Rxd5 21.Qc1 Nf3+ 22.Kg2 Rxd1
23.Qxd1 Rd8 24.Qc1 Qc6 25.Kf1 Ne5 26.Kg1 h6 27.c4 Nf3+ 28.Kf1 Bg5 29.Bxg5 Nxg5
30.Ng1 Qh1 31.f4 Nxh3 32.Rg2 Nxg1 33.Rxg1 Qf3+ 34.Ke1 Rd3  0-1

[Event "FSIM November"]
[Site "Budapest HUN"]
[Date "2009.11.08"]
[Round "2"]
[White "Erdelyi,Z"]
[Black "Toth,E"]
[Result "1-0"]
[WhiteElo "2362"]
[BlackElo "2388"]

1.e4 c5 2.Nf3 e6 3.d4 cxd4 4.Nxd4 a6 5.Nc3 Qc7 6.Bd3 Nf6 7.O-O d6 8.f4 Be7
9.Kh1 Nbd7 10.Qe2 b5 11.e5 dxe5 12.fxe5 Qxe5 13.Qf3 Bd6 14.g3 Rb8 15.Nc6 Bb7
16.Be4 Bxc6 17.Bxc6 Qh5 18.Qxh5 Nxh5 19.Rd1 Ke7 20.Bxd7 Kxd7 21.Ne4 Rb6 22.Be3 Rc6
23.Bc5 Rxc5 24.Nxc5+ Ke7 25.Ne4 Be5 26.c3 Rc8 27.a4 f5 28.Nf2 Rc7 29.axb5 axb5
30.Ra6 Rb7 31.Nd3 Bd6 32.g4 fxg4 33.Rxd6 Kxd6 34.Nf4+ Ke5 35.Nxh5 b4 36.Re1+ Kd6
37.c4 b3 38.Nf4 e5 39.Nd3 Re7 40.Re4 h5 41.Kg2 g5 42.Kf1 Rf7+ 43.Ke2 Rf3
44.Re3 Rh3 45.Rxh3 gxh3 46.Ke3 g4 47.Ke4 g3 48.hxg3 h2 49.Nf2 Kc5 50.Kxe5 Kxc4
51.Ke4 Kc5 52.Kf3  1-0

[Event "Waling Dijkstra GpA"]
[Site "Leeuwarden NED"]
[Date "2009.11.13"]
[Round "1"]
[White "Ootes,Le"]
[Black "Abma,K"]
[Result "1/2-1/2"]
[WhiteElo "2128"]
[BlackElo "1977"]

1.e4 c5 2.Nf3 e6 3.Nc3 a6 4.d4 cxd4 5.Nxd4 Qc7 6.Bd3 Bc5 7.Nb3 Be7 8.O-O b5
9.a3 Bb7 10.Bd2 Nf6 11.f4 d6 12.Qe2 Nbd7 13.Kh1 Rc8 14.Nd4 O-O 15.Rae1 Nc5
16.e5 Nxd3 17.Qxd3 Nd7 18.Qh3 Qc4 19.Nf3 dxe5 20.fxe5 a5 21.Qg3 Kh8 22.Ng5 Bxg5
23.Qxg5 f6 24.exf6 gxf6 25.Qh6 Rg8 26.Rf2 Rg6 27.Qh3 Rcg8 28.Rg1 Rxg2 29.Rgxg2 Rxg2
30.Qxg2 Bxg2+ 31.Rxg2 b4 32.axb4 axb4 33.Ne2 Qxc2 34.Bh6 Qd1+ 35.Ng1 Qd5
36.h3 Ne5 37.Kh2 Nf3+ 38.Nxf3 Qxf3  1/2-1/2

[Event "FSGM November"]
[Site "Budapest HUN"]
[Date "2009.11.14"]
[Round "8"]
[White "Csiba,D"]
[Black "Bui Vinh"]
[Result "0-1"]
[WhiteElo "2329"]
[BlackElo "2488"]

1.e4 c5 2.Nf3 e6 3.d4 cxd4 4.Nxd4 a6 5.Nc3 Ne7 6.Be3 Nbc6 7.Be2 Nxd4 8.Qxd4 b5
9.O-O Nc6 10.Qd2 Be7 11.f4 d6 12.Bf3 Bb7 13.Rad1 O-O 14.a3 Na5 15.Qf2 Nc4
16.Bc1 Rc8 17.Ne2 Bh4 18.g3 Be7 19.Nd4 Qc7 20.Bg2 Bf6 21.c3 Rfe8 22.Nc2 Qb8
23.Ne3 Be7 24.Nxc4 Rxc4 25.Rd4 Rec8 26.Rfd1 Rxd4 27.cxd4 Qa8 28.d5 exd5 29.exd5 Bf6
30.Be3 Rc4 31.Bf1 Rc7 32.Bd4 Bxd5 33.Bxf6 gxf6 34.Qd4 Bf3 35.Rd2 Kg7 36.Qxd6 Rc1
37.Qd4 Qe8 38.Kf2 Qe1+ 39.Kxf3 Qxf1+ 40.Qf2 Qh3 41.Qd4 h5 42.Qe3 Rh1 43.Qe2 Rf1+
44.Ke3 Qe6+ 45.Kd4 Qb6+ 46.Kc3 Ra1 47.Qe4 Qc5+ 48.Kb3 a5  0-1

[Event "World Blitz"]
[Site "Moscow RUS"]
[Date "2009.11.18"]
[Round "36"]
[White "Gashimov,V"]
[Black "Svidler,P"]
[Result "1-0"]
[WhiteElo "2758"]
[BlackElo "2754"]

1.e4 c5 2.Nc3 e6 3.Nf3 a6 4.d4 cxd4 5.Nxd4 b5 6.Bd3 d6 7.O-O Nf6 8.Re1 Be7
9.a4 b4 10.Na2 e5 11.Nf3 Nc6 12.Bg5 Be6 13.Qd2 Qb6 14.Nc1 O-O 15.Nb3 a5 16.Bb5 Rfd8
17.Qe2 h6 18.Bxf6 Bxf6 19.Rad1 d5 20.Nbd2 g6 21.b3 Bg7 22.exd5 Bxd5 23.Nc4 Qc7
24.Bxc6 Bxc6 25.Ncxe5 Rxd1 26.Qxd1 Bb7 27.Nd3 Rc8 28.Re2 Bxf3 29.gxf3 Qc6
30.Kg2 Qd5 31.Re4 h5 32.Qe2 Rc6 33.h3 Bf6 34.Kh2 Kg7 35.Ne1 Bc3 36.Ng2 Qd6+
37.f4 Qd5 38.Re3 Bf6 39.Rd3 Qf5 40.Qd2 Qe4 41.Qe3 Qf5 42.Qe2 Rc7 43.Rd2 Rc5
44.Qf3 Rc7 45.Ne3 Qc5 46.Rd5 Qc6 47.Kg2 Qb6 48.Rb5 Qa7 49.Qd5 Bd4 50.Rxa5 Qb6
51.Rb5 Qf6 52.Qe4 Bxe3 53.Qxe3 Rxc2 54.Qe5 Qxe5 55.fxe5  1-0

[Event "Espacio ENDESA ITTGM"]
[Site "Santiago CHI"]
[Date "2009.11.20"]
[Round "7"]
[White "Llorens Sepulveda,M"]
[Black "Felgaer,R"]
[Result "0-1"]
[WhiteElo "2347"]
[BlackElo "2573"]

1.e4 c5 2.Nf3 e6 3.d4 cxd4 4.Nxd4 a6 5.Nc3 Nc6 6.g3 Qc7 7.Nde2 Nf6 8.Bg2 Be7
9.O-O d6 10.h3 b5 11.a3 O-O 12.g4 Bb7 13.Ng3 Rfe8 14.g5 Nd7 15.f4 Bf8 16.Qg4 g6
17.Nd1 Nd4 18.c3 Nb3 19.Rb1 a5 20.Nf2 b4 21.cxb4 axb4 22.axb4 Qb6 23.Qf3 Nxc1
24.Rbxc1 Ra4 25.b5 Rb4 26.Kh1 Rxb2 27.Ng4 Rxb5 28.h4 Rb3 29.Rc3 Rxc3 30.Qxc3 Rc8
31.Qa1 Bg7 32.Nh6+ Kf8 33.Qa2 Qb2 34.Qxb2 Bxb2 35.f5 Rc1 36.Rxc1 Bxc1 37.fxe6 fxe6
38.Ng4 Kf7 39.Ne2 Bd2 40.Nd4 Be1 41.Kh2 e5 42.Nb5 Ke7 43.Kh3 Nc5 44.Nf6 h5
45.Nd5+ Bxd5 46.exd5 Nd3  0-1